Statistiken für Vereine aus Klein- und Mittelstädten in der 2. Bundesliga (seit 1974)

Klicken Sie hier um das Quiz zu spielen!

Allgemein

  • Dieses Quiz wurde 223 mal gespielt
    (84 seit der letzten Aktualisierung)
  • Das Durchschnittsergebnis liegt bei 15 aus 38

Antwortstatistiken

Ewige Tabelle
2.Bundesliga
Erstmalig 2.BLAktuelle Liga (23/24)Verein% Korrekt
43.2014*Bundesliga1.FC Heidenheim
87%
108.2007*BundesligaTSG 1899 Hoffenheim
80%
46.20123. LigaSV Sandhausen
77%
128.20232. BundesligaElversberg
74%
28.20033. LigaFC Erzgebirge Aue
69%
40.1989*3. LigaSpVgg Unterhaching
69%
23.1974*Regionalliga SüdwestFC 08 Homburg
66%
30.19743. LigaSpVgg Bayreuth
64%
39.1997*Regionalliga NordostEnergie Cottbus
60%
97.1974*Verbandsliga (Saarland)Borussia Neunkirchen
59%
93.2012Regionalliga SüdwestVfR Aalen
57%
33.1996*2. Bundesliga1.FC Kaiserslautern
54%
58.2000Regionalliga WestRot-Weiß Ahlen
54%
37.1987Regionalliga NordSV Meppen
53%
83.19943. LigaFSV Zwickau
51%
16.1974*Oberliga (Westfalen)SG Wattenscheid 09
49%
92.1985Regionalliga BayernViktoria Aschaffenburg
49%
88.1974Regionalliga Bayern1.FC Schweinfurt 05
46%
32.1974*Oberliga (Niederrhein)KFC Uerdingen 05
43%
60.1974Regionalliga SüdwestWormatia Worms
41%
87.1974Oberliga (Südwest)FK Pirmasens
39%
68.2002Regionalliga BayernWacker Burghausen
37%
123.1990Regionalliga NordTSV Havelse
30%
111.1976Oberliga (Hessen)FC Hanau 93
29%
117.19911998 aufgelöstBSV Stahl Brandenburg
26%
99.1977Regionalliga West1.FC Bocholt
19%
73.1974Kreisliga A (Saarland)SV Röchling Völklingen
19%
124.1986Verbandsliga (Rheinland)FSV Salmrohr
16%
91.1976Oberliga (Hessen)KSV Baunatal
14%
66.1974Oberliga (Bayern)FC Bayern Hof
13%
114.19742009 aufgelöstTSR Olympia Wilhelmshaven
13%
75.1977Kreisliga A (Hessen)VfR Bürstadt
13%
125.1976Kreisliga A (Württemberg)BSV 07 Schwenningen
10%
82.1977Landesliga (Westfalen)Rot-Weiß Lüdenscheid
10%
96.1974Verbandsliga (Westfalen)SpVgg Erkenschwick
10%
120.1980Verbandsliga (Baden)VfB Eppingen
10%
76.1977Verbandsliga (Westfalen)SC Herford
9%
119.1975Verbandsliga (Südwest)Eintracht Bad Kreuznach
6%

Verteilung der Resultate

Perzentil nach korrekt beantworteten Fragen

Anzahl Personen mit jedem Resultat

Ihre Resultats-Entwicklung

Sie haben dieses Quiz seit der letzten Aktualisierung nicht gespielt